Central Library OPAC University of Rajshahi

তত্ত্ববিদ্যা-সার / (Record no. 7854)

MARC details
000 -LEADER
fixed length control field 00920nam a2200253 a 4500
001 - CONTROL NUMBER
control field 7854
003 - CONTROL NUMBER IDENTIFIER
rucl marc code BD-RjUL
005 - DATE AND TIME OF LATEST TRANSACTION
control field 20211208234503.0
008 - FIXED-LENGTH DATA ELEMENTS--GENERAL INFORMATION
fixed length control field 160402s1975 bg b 001 0 beno
035 ## - SYSTEM CONTROL NUMBER
System control number (BD-RjUL)7898
System control number (OCoLC)32084016
040 ## - CATALOGING SOURCE
Original cataloging agency DLC
Transcribing agency CU
Modifying agency CU
-- DLC
-- BD-RjUL
Language of cataloging ben
041 ## - LANGUAGE CODE
Language code of text/sound track or separate title ben
082 ## - DEWEY DECIMAL CLASSIFICATION NUMBER
Edition number 23
Classification number 110
Author mark and year DET 1975
100 1# - MAIN ENTRY--PERSONAL NAME
Personal name দেব, গোবিন্দচন্দ্র
9 (RLIN) 120433
245 10 - TITLE STATEMENT
Title তত্ত্ববিদ্যা-সার /
Statement of responsibility, etc. গোবিন্দচন্দ্র দেব
250 ## - EDITION STATEMENT
Edition statement ২য় সংস্করণ
260 ## - PUBLICATION, DISTRIBUTION, ETC. (IMPRINT)
Place of publication, distribution, etc. ঢাকা :
Name of publisher, distributor, etc. বাংলা একাডেমী,
Date of publication, distribution, etc. ১৯৭৫
300 ## - PHYSICAL DESCRIPTION
Pagination ৭, ৭, ৩৫৯ পৃ. ;
Size ২২ সেমি.
504 ## - BIBLIOGRAPHY, ETC. NOTE
Bibliography, etc গ্রন্থপঞ্জী সংযুক্ত ।
650 #0 - SUBJECT ADDED ENTRY--TOPICAL TERM
Topical term or geographic name as entry element অধিবিদ্যা
9 (RLIN) 120434
Topical term or geographic name as entry element Metaphysics
9 (RLIN) 120435
942 ## - ADDED ENTRY ELEMENTS (KOHA)
Source of classification or shelving scheme Dewey Decimal Classification
Koha item type Books
Holdings
Lost status Source of classification or shelving scheme Damaged status Not for loan Collection code Permanent Location Current Location Shelving location Date acquired Source of acquisition Cost, normal purchase price Total Checkouts Full call number Date last seen Copy number Koha item type Date checked out
  Dewey Decimal Classification     Non-fiction Central Library, University of Rajshahi Central Library, University of Rajshahi   30/06/1981 ইউরেকা বুক এজেন্সী, রাজশাহী 20.50   B 110 DET 1975 02/04/2016 C-2 Books  
  Dewey Decimal Classification     Non-fiction Central Library, University of Rajshahi Central Library, University of Rajshahi   30/06/1991 Ureka 50.00 1 B 110 DET 1975 04/12/2016 C-3 Books 20/11/2016
  Dewey Decimal Classification     Non-fiction Central Library, University of Rajshahi Central Library, University of Rajshahi   30/06/1980 Ureka.Rajshahi 20.50   B 110 DET 1975 04/05/2016 C-4 Books  
  Dewey Decimal Classification     Non-fiction Central Library, University of Rajshahi Central Library, University of Rajshahi   30/06/1980 Ureka.Rajshahi 20.50 1 B 110 DET 1975 09/05/2017 C-5 Books 21/04/2017
  Dewey Decimal Classification     Non-fiction Central Library, University of Rajshahi Central Library, University of Rajshahi   30/06/1980 Ureka.Rajshahi 20.50   B 110 DET 1975 04/05/2016 C-6 Books  
  Dewey Decimal Classification     Non-fiction Central Library, University of Rajshahi Central Library, University of Rajshahi   30/06/1980 Ureka.Rajshahi 20.50   B 110 DET 1975 04/05/2016 C-7 Books  
  Dewey Decimal Classification   Not For Loan Non-fiction Central Library, University of Rajshahi Central Library, University of Rajshahi Reading Room 03/06/1981 Rajshahi Urekabooks 50.00   B 110 DET 1975 17/07/2016 C-1 Books